[Event "Boris Spassky"]
[Site "SchemingMind.com"]
[Date "2011.01.08"]
[Round "-"]
[White "CRIS PORTI"]
[Black "madrugada"]
[Result "0-1"]
[WhiteCountry "ARG"]
[BlackCountry "BEL"]
[WhiteElo "1654"]
[WhiteRD "75"]
[BlackElo "1881"]
[BlackRD "84"]
[GameID "272094"]

1. e4 e5 2. Nf3 Nc6 3. d4 exd4 4. c3 dxc3 5. Bc4 cxb2 6. Bxb2 Bb4+ 7. Nc3 Nf6 8. Qb3 O-O 9. O-O Bxc3 10. Bxc3 Nxe4
11. Rfe1 Nxc3 12. Qxc3 d6 13. Nd4 Nxd4 14. Qxd4 Re8 15. Qf4 Be6 16. Bxe6 fxe6 17. Qc4 d5 18. Qg4 e5 19. Rab1 Rb8 20. Qg3 e4
21. Rb3 c6 22. Qg4 Qa5 23. Reb1 Qxa2 24. R3b2 Qa6 25. Qd7 Red8
0-1

[Event "Boris Spassky"]
[Site "SchemingMind.com"]
[Date "2011.01.10"]
[Round "-"]
[White "madrugada"]
[Black "CRIS PORTI"]
[Result "1-0"]
[WhiteCountry "BEL"]
[BlackCountry "ARG"]
[WhiteElo "1881"]
[WhiteRD "84"]
[BlackElo "1654"]
[BlackRD "75"]
[GameID "272095"]

1. e4 e5 2. Nf3 Nc6 3. Bb5 a6 4. Ba4 Nf6 5. Qe2 b5 6. Bb3 d6 7. c3 Bg4 8. d3 Be7 9. Nbd2 O-O 10. h3 Bxf3
11. Nxf3 Na5 12. Bc2 c5 13. O-O Re8 14. Be3 Qc7 15. d4 c4 16. a4 exd4 17. Nxd4 Nc6 18. axb5 Nxd4 19. Bxd4 axb5 20. b3 cxb3
21. Bxb3 d5 22. Rxa8 Rxa8 23. exd5 Ra3 24. Qxb5 Ne4 25. Qe8+ Bf8 26. Bc2
1-0

[Event "Boris Spassky"]
[Site "SchemingMind.com"]
[Date "2011.01.09"]
[Round "-"]
[White "ampp"]
[Black "madrugada"]
[Result "0-1"]
[WhiteCountry "POR"]
[BlackCountry "BEL"]
[WhiteElo "1135"]
[WhiteRD "44"]
[BlackElo "1866"]
[BlackRD "92"]
[GameID "272161"]

1. e4 e5 2. Nf3 Nc6 3. Bb5 a6 4. Ba4 Nf6 5. O-O Nxe4 6. Bxc6 dxc6 7. Nxe5 Bc5 8. d3 Nxf2 9. Qf3 Nxd3+ 10. Be3 Nxe5
0-1

[Event "Boris Spassky"]
[Site "SchemingMind.com"]
[Date "2011.01.08"]
[Round "-"]
[White "madrugada"]
[Black "ampp"]
[Result "1-0"]
[WhiteCountry "BEL"]
[BlackCountry "POR"]
[WhiteElo "1866"]
[WhiteRD "92"]
[BlackElo "1135"]
[BlackRD "44"]
[GameID "272163"]

1. e4 e5 2. f4 exf4 3. Nf3 Nc6 4. Bc4 Nf6 5. Nc3 h6 6. d4 Bb4 7. O-O Bxc3 8. bxc3 Nxe4 9. Bd5 d6 10. Bxe4 d5
11. Bd3 O-O 12. Bxf4 Bg4 13. Qd2 Qf6 14. Ne5 Nxe5 15. dxe5 Qe6 16. h3 Bh5 17. Bh2 c6 18. Bf5 Qe7 19. Rae1 g6 20. Qxh6 Qc5+
21. Kh1
1-0

[Event "Boris Spassky"]
[Site "SchemingMind.com"]
[Date "2011.01.10"]
[Round "-"]
[White "michel"]
[Black "CRIS PORTI"]
[Result "1-0"]
[WhiteCountry "CAN"]
[BlackCountry "ARG"]
[WhiteElo "1951"]
[WhiteRD "72"]
[BlackElo "1698"]
[BlackRD "81"]
[GameID "272388"]

1. Nf3 d5 2. c4 Nf6 3. cxd5 Nxd5 4. d4 Nc6 5. Nc3 Nxc3 6. bxc3 e6 7. e4 Be7 8. Bb5 Bd7 9. O-O a6 10. Ba4 b5
11. Bc2 O-O 12. Bf4 Na5 13. Qd3 c5 14. e5 cxd4 15. Qxh7#
1-0

[Event "Boris Spassky"]
[Site "SchemingMind.com"]
[Date "2011.01.09"]
[Round "-"]
[White "michel"]
[Black "madrugada"]
[Result "1/2-1/2"]
[WhiteCountry "CAN"]
[BlackCountry "BEL"]
[WhiteElo "1915"]
[WhiteRD "93"]
[BlackElo "1866"]
[BlackRD "92"]
[GameID "272389"]

1. Nf3 f5 2. c4 Nf6 3. g3 e6 4. Bg2 Be7 5. O-O O-O 6. d4 d5 7. b3 c6 8. Ba3 Bxa3 9. Nxa3 Ne4 10. Nb1 Nd7
11. Nfd2 Ndf6 12. Qc2 Qe8 13. f3 Nxd2 14. Nxd2 g5 15. e4 dxe4 16. fxe4 Ng4 17. Rae1 f4 18. e5 Qh5 19. h3 Ne3 20. Rxe3 fxe3
21. Rxf8+ Kxf8 22. Ne4 Qg6 23. Qe2 Ke7 24. Qxe3 h6 25. Kh2 Bd7 26. Nf6 Rf8 27. Be4 Qg7= 28. Qd2 Rxf6 29. exf6+ Qxf6 30. Kg2 b6
31. Qf2 Qxf2+= 32. Kxf2 Kf6 33. Ke3 e5 34. g4 exd4+ 35. Kxd4 Be8 36. a4 c5+ 37. Kd5 Ke7 38. Bf5 h5 39. gxh5 Bxh5 40. Kc6 Bd1=
1/2-1/2

[Event "Boris Spassky"]
[Site "SchemingMind.com"]
[Date "2011.01.09"]
[Round "-"]
[White "michel"]
[Black "ampp"]
[Result "1-0"]
[WhiteCountry "CAN"]
[BlackCountry "POR"]
[WhiteElo "1915"]
[WhiteRD "93"]
[BlackElo "1135"]
[BlackRD "44"]
[GameID "272390"]

1. f3 e5 2. Nh3 d5 3. Nf2 Nf6 4. b3 Nc6 5. Bb2 Bd6 6. e3 O-O 7. d3 a6 8. Be2 Re8 9. O-O d4 10. e4 h6
11. Ba3 Bxa3 12. Nxa3
1-0

[Event "Boris Spassky"]
[Site "SchemingMind.com"]
[Date "2011.01.10"]
[Round "-"]
[White "CRIS PORTI"]
[Black "michel"]
[Result "0-1"]
[WhiteCountry "ARG"]
[BlackCountry "CAN"]
[WhiteElo "1698"]
[WhiteRD "81"]
[BlackElo "1951"]
[BlackRD "72"]
[GameID "272391"]

1. e4 e5 2. Nf3 Nc6 3. Bb5 Nge7 4. Bxc6 Nxc6 5. O-O Be7 6. Nc3 O-O 7. d4 exd4 8. Nxd4 Bf6 9. Nxc6 bxc6 10. Bd2 Rb8
11. Rb1 Re8 12. Re1 d6 13. Na4 d5 14. exd5 cxd5 15. Rxe8+ Qxe8 16. Be3 Qxa4
0-1

[Event "Boris Spassky"]
[Site "SchemingMind.com"]
[Date "2011.01.09"]
[Round "-"]
[White "madrugada"]
[Black "michel"]
[Result "1/2-1/2"]
[WhiteCountry "BEL"]
[BlackCountry "CAN"]
[WhiteElo "1866"]
[WhiteRD "92"]
[BlackElo "1915"]
[BlackRD "93"]
[GameID "272392"]

1. e4 e5 2. Nf3 Nc6 3. Bb5 Nge7 4. d4 Nxd4 5. Nxd4 exd4 6. Qxd4 Nc6 7. Qe3 Bb4+ 8. c3 Bd6 9. O-O a6 10. Bc4 Ne5
11. Bb3 Qh4 12. h3 O-O 13. Nd2 b6 14. Bd5 c6 15. Bb3 Bc5 16. Qe2 Bb7 17. Nf3 Nxf3+ 18. Qxf3 Rae8 19. Bc2 d5 20. exd5 cxd5
21. Qf5 Re6 22. Bg5 Qh5 23. Rae1 Rfe8 24. Bd1 Qg6 25. Qxg6 hxg6 26. Rxe6 Rxe6 27. Bd2 d4 28. Re1 b5 29. Rxe6 fxe6 30. cxd4 Bxd4
31. b3 Kf7 32. Kf1 Kf6 33. f3 e5 34. Bc2 e4 35. fxe4 Ke5 36. Ke2 Bxe4 37. Bxe4 Kxe4 38. Bb4 Be5=
1/2-1/2

[Event "Boris Spassky"]
[Site "SchemingMind.com"]
[Date "2011.01.14"]
[Round "-"]
[White "psychonaut"]
[Black "CRIS PORTI"]
[Result "0-1"]
[WhiteCountry "CZE"]
[BlackCountry "ARG"]
[WhiteElo "1402"]
[WhiteRD "92"]
[BlackElo "1654"]
[BlackRD "75"]
[GameID "272406"]

1. d4 Nf6 2. Nf3 g6 3. Nc3 Bg7 4. Bg5 d6 5. e4 O-O 6. Bd3 Bg4 7. h3 Bxf3 8. Qxf3 Nbd7 9. O-O-O h6 10. Bxf6 Bxf6
11. e5 dxe5 12. d5 e6 13. dxe6 fxe6 14. Bxg6 Bg5+
0-1

[Event "Boris Spassky"]
[Site "SchemingMind.com"]
[Date "2011.01.14"]
[Round "-"]
[White "psychonaut"]
[Black "michel"]
[Result "0-1"]
[WhiteCountry "CZE"]
[BlackCountry "CAN"]
[WhiteElo "1323"]
[WhiteRD "96"]
[BlackElo "1951"]
[BlackRD "72"]
[GameID "272408"]

1. Nf3 Nf6 2. c4 c5 3. Nc3 d5 4. e3 d4 5. exd4 cxd4 6. Na4 Nc6 7. d3 e5 8. Bg5 Bb4+ 9. Bd2 Qe7 10. a3 Bxd2+
11. Qxd2 O-O 12. c5 e4 13. Ng5 e3 14. fxe3 dxe3 15. Qd1 Ng4 16. Rg1 Qxg5 17. h3 Qf4 18. Qxg4 Qf2+
0-1

[Event "Boris Spassky"]
[Site "SchemingMind.com"]
[Date "2011.01.11"]
[Round "-"]
[White "CRIS PORTI"]
[Black "psychonaut"]
[Result "1-0"]
[WhiteCountry "ARG"]
[BlackCountry "CZE"]
[WhiteElo "1654"]
[WhiteRD "75"]
[BlackElo "1402"]
[BlackRD "92"]
[GameID "272410"]

1. e4 e5 2. Nf3 d6 3. d4 Nf6 4. dxe5 Nxe4 5. Qd5 f5 6. Bc4 Qe7 7. Nbd2 c6 8. Qd3 d5 9. Bb3 Qc5 10. O-O f4
11. Nxe4 dxe4 12. Qxe4 g5 13. Nxg5 Na6 14. Nxh7 f3 15. Qg6+ Kd8 16. Rd1+
1-0

[Event "Boris Spassky"]
[Site "SchemingMind.com"]
[Date "2011.01.09"]
[Round "-"]
[White "madrugada"]
[Black "psychonaut"]
[Result "1-0"]
[WhiteCountry "BEL"]
[BlackCountry "CZE"]
[WhiteElo "1856"]
[WhiteRD "91"]
[BlackElo "1323"]
[BlackRD "96"]
[GameID "272411"]

1. b4 d5 2. Bb2 d4 3. Nf3 e5 4. Nxe5 Bxb4 5. c3 f6 6. Qa4+ Nc6 7. Nxc6 bxc6 8. cxb4 Ne7 9. e3 O-O 10. Bc4+ Nd5
11. Qxc6 Rb8 12. Qxd5+ Kh8 13. a3
1-0

[Event "Boris Spassky"]
[Site "SchemingMind.com"]
[Date "2011.01.09"]
[Round "-"]
[White "michel"]
[Black "psychonaut"]
[Result "1-0"]
[WhiteCountry "CAN"]
[BlackCountry "CZE"]
[WhiteElo "1951"]
[WhiteRD "72"]
[BlackElo "1323"]
[BlackRD "96"]
[GameID "272412"]

1. Nf3 d5 2. c4 Nf6 3. cxd5 Qxd5 4. Nc3 Qd8 5. d4 e6 6. e4 Bb4 7. Qc2 Nc6 8. Bb5 O-O 9. a3 Nxd4 10. Nxd4 Qxd4
11. axb4 Qxb4 12. O-O a6 13. Bd3 e5 14. Bg5 Ng4 15. Nd5 Qd6 16. Qxc7 Qg6 17. Ne7+
1-0

[Event "Boris Spassky"]
[Site "SchemingMind.com"]
[Date "2011.01.11"]
[Round "-"]
[White "marble"]
[Black "CRIS PORTI"]
[Result "0-1"]
[WhiteCountry "ENG"]
[BlackCountry "ARG"]
[WhiteElo "1419"]
[WhiteRD "62"]
[BlackElo "1654"]
[BlackRD "75"]
[GameID "272417"]

1. e4 e5 2. Nf3 Nc6 3. Bc4 d6 4. Ng5 Qxg5 5. Qf3 Nf6 6. O-O Nd4 7. Qd3 Nh5 8. c3 Nf4 9. Qg3 Nfe2+ 10. Bxe2 Nxe2+
0-1

[Event "Boris Spassky"]
[Site "SchemingMind.com"]
[Date "2011.01.09"]
[Round "-"]
[White "marble"]
[Black "psychonaut"]
[Result "0-1"]
[WhiteCountry "ENG"]
[BlackCountry "CZE"]
[WhiteElo "1419"]
[WhiteRD "62"]
[BlackElo "1402"]
[BlackRD "92"]
[GameID "272418"]

1. e4 c5 2. Nf3 d5 3. exd5 Qxd5 4. Nc3 Qe6+ 5. Be2 Nf6 6. O-O Qd6 7. Bc4 Nc6 8. Nb5 Qf4 9. d3 Qg4 10. h3 Qh5
11. Nc7+ Kd8 12. Nxa8 Bxh3 13. gxh3 Qxh3 14. Ng5 Qg4+
0-1

[Event "Boris Spassky"]
[Site "SchemingMind.com"]
[Date "2011.01.09"]
[Round "-"]
[White "marble"]
[Black "madrugada"]
[Result "0-1"]
[WhiteCountry "ENG"]
[BlackCountry "BEL"]
[WhiteElo "1528"]
[WhiteRD "61"]
[BlackElo "1866"]
[BlackRD "92"]
[GameID "272419"]

1. e4 e6 2. d4 d5 3. Nc3 Nf6 4. Bg5 dxe4 5. Nxe4 Be7 6. Qf3 Nxe4 7. Bxe7 Qxe7 8. Qxe4 Qb4+ 9. c3 Qxb2 10. Rb1 Qxc3+
11. Kd1 O-O 12. Bd3 f5 13. Qe3 Qc6 14. Nf3 Qa4+ 15. Bc2 Qxa2 16. Kc1 Nc6 17. Bb3 Qa5 18. Bxe6+ Bxe6 19. Qxe6+ Kh8 20. Ng5 Qc3+
21. Kd1 Nxd4 22. Nf7+ Rxf7 23. Qe3 Qc2+ 24. Ke1 Qxb1+
0-1

[Event "Boris Spassky"]
[Site "SchemingMind.com"]
[Date "2011.01.09"]
[Round "-"]
[White "marble"]
[Black "michel"]
[Result "0-1"]
[WhiteCountry "ENG"]
[BlackCountry "CAN"]
[WhiteElo "1528"]
[WhiteRD "61"]
[BlackElo "1915"]
[BlackRD "93"]
[GameID "272420"]

1. e4 e5 2. Nf3 Nc6 3. Bc4 Nf6 4. Ng5 d5 5. exd5 b5 6. Bxb5 Qxd5 7. Bxc6+ Qxc6 8. O-O Bb7 9. f3 Bc5+ 10. Kh1 h6
11. Nh3 g5 12. Nc3 g4 13. Nf2 gxf3 14. gxf3 Qxf3+ 15. Qxf3 Bxf3+ 16. Kg1 Rg8#
0-1

[Event "Boris Spassky"]
[Site "SchemingMind.com"]
[Date "2011.01.11"]
[Round "-"]
[White "CRIS PORTI"]
[Black "marble"]
[Result "1-0"]
[WhiteCountry "ARG"]
[BlackCountry "ENG"]
[WhiteElo "1654"]
[WhiteRD "75"]
[BlackElo "1419"]
[BlackRD "62"]
[GameID "272422"]

1. e4 c5 2. Nf3 g6 3. d4 cxd4 4. Nxd4 Bg7 5. Nc3 Nf6 6. Be3 O-O 7. Bd3 Nc6 8. Nxc6 bxc6 9. O-O d6 10. Qd2 Ng4
11. Na4
1-0

[Event "Boris Spassky"]
[Site "SchemingMind.com"]
[Date "2011.01.09"]
[Round "-"]
[White "madrugada"]
[Black "marble"]
[Result "1-0"]
[WhiteCountry "BEL"]
[BlackCountry "ENG"]
[WhiteElo "1866"]
[WhiteRD "92"]
[BlackElo "1528"]
[BlackRD "61"]
[GameID "272424"]

1. Nf3 d5 2. c4 e6 3. g3 Nf6 4. Bg2 Be7 5. O-O O-O 6. cxd5 exd5 7. d3 Nc6 8. Nc3 d4 9. Nb5 a6 10. Na3 b5
11. Ne5 Bxa3 12. Nxc6 Qd6 13. bxa3 Bb7 14. Bf4 Qd7 15. Rc1 Nd5 16. Bxd5 Rfe8 17. Bg2 Re6 18. Ne5 Qe8 19. Bxb7 Rb8 20. Bc6 Qd8
21. Qb3 Rf6 22. Nxf7 Rb6 23. Nxd8+
1-0

[Event "Boris Spassky"]
[Site "SchemingMind.com"]
[Date "2011.01.09"]
[Round "-"]
[White "michel"]
[Black "marble"]
[Result "1-0"]
[WhiteCountry "CAN"]
[BlackCountry "ENG"]
[WhiteElo "1915"]
[WhiteRD "93"]
[BlackElo "1528"]
[BlackRD "61"]
[GameID "272425"]

1. Nf3 d5 2. c4 e6 3. g3 Nf6 4. Bg2 dxc4 5. Qa4+ Bd7 6. Qxc4 Bc6 7. O-O Be7 8. Nc3 O-O 9. d4 a6 10. Qb3 Nd5
11. Re1 h6 12. Ne5 Nxc3 13. Nxc6 Nxc6 14. bxc3 Rb8 15. Qa4 e5 16. e3 Bg5 17. Bxc6 bxc6 18. Qxa6 exd4 19. cxd4 Rb6 20. Qc4 Qf6
21. f4 Bh4 22. a4 Rfb8 23. a5 Rb4 24. Qe2 Qg6 25. a6 Ra8 26. Ba3 Ra4 27. Bc5 R4xa6= 28. Rxa6 Re8 29. Qg2 Bd8 30. Rxc6 Qd3
31. Qe2 Qe4 32. Ra6 Qf5 33. e4 Qd7 34. d5 f5 35. Qc4 Qf7 36. Re6 Be7 37. Bxe7 Rxe7 38. Rxe7 Qxe7 39. d6+ Qf7 40. Qxf7+ Kxf7
41. dxc7
1-0

[Event "Boris Spassky"]
[Site "SchemingMind.com"]
[Date "2011.01.09"]
[Round "-"]
[White "ampp"]
[Black "marble"]
[Result "0-1"]
[WhiteCountry "POR"]
[BlackCountry "ENG"]
[WhiteElo "1135"]
[WhiteRD "44"]
[BlackElo "1528"]
[BlackRD "61"]
[GameID "272426"]

1. d4 Nf6 2. c4 g6 3. Nc3 Bg7 4. e4 d6 5. Nf3 O-O 6. h3 e5 7. dxe5 dxe5 8. Qxd8 Rxd8 9. Be2 Nc6 10. O-O Nb4
11. a3 Nc2
0-1

[Event "Boris Spassky"]
[Site "SchemingMind.com"]
[Date "2011.01.10"]
[Round "-"]
[White "nightghost"]
[Black "marble"]
[Result "1-0"]
[WhiteCountry "POL"]
[BlackCountry "ENG"]
[WhiteElo "1639"]
[WhiteRD "72"]
[BlackElo "1528"]
[BlackRD "61"]
[GameID "272475"]

1. d4 Nf6 2. Nf3 d5 3. c4 c6 4. Nc3 e6 5. Bg5 dxc4 6. e4 b5 7. e5 h6 8. Bxf6 gxf6 9. a4 Bb4 10. Be2 bxa4
11. O-O fxe5 12. Nxe5 Qg5 13. Qxa4 Rg8 14. Bf3 Bxc3 15. bxc3 Bd7 16. Nxc4 c5 17. Qa3 Bc6 18. Bxc6+ Nxc6 19. g3 Qg4 20. Qxc5 Qf3
21. Ra6 Nb8 22. Rd6 Nd7 23. Rxd7 Kxd7 24. Ne5+ Kd8 25. Nxf3 a5 26. Rb1 Rc8 27. Qxa5+ Ke7 28. Rb7+ Kf8 29. Ne5 Rg7 30. Nd7+ Kg8
31. Rb8 Rxb8 32. Nxb8 Rg5 33. Qd8+ Kg7 34. c4 Rg4 35. f4
1-0

[Event "Boris Spassky"]
[Site "SchemingMind.com"]
[Date "2011.01.11"]
[Round "-"]
[White "nightghost"]
[Black "CRIS PORTI"]
[Result "1-0"]
[WhiteCountry "POL"]
[BlackCountry "ARG"]
[WhiteElo "1697"]
[WhiteRD "78"]
[BlackElo "1654"]
[BlackRD "75"]
[GameID "272476"]

1. d4 Nf6 2. Nf3 d5 3. c4 e6 4. Nc3 Bb4 5. Bg5 Bxc3+ 6. bxc3 h6 7. Bxf6 Qxf6 8. e3 dxc4 9. Bxc4 Nc6 10. O-O O-O
11. Qd3 Na5 12. Bb3 Nxb3 13. axb3 Bd7 14. Ra3 a6 15. Ne5 Rad8 16. c4 c5 17. f4 cxd4 18. exd4 Rfe8 19. Raa1 Bc6 20. Nxc6 bxc6
21. Rxa6 Rxd4 22. Qf3 Red8 23. Rxc6 Rd3 24. Qe4 Rxb3 25. c5 Qd4+ 26. Qxd4 Rxd4 27. Rc8+ Kh7 28. Rc1 Rxf4 29. c6
1-0

[Event "Boris Spassky"]
[Site "SchemingMind.com"]
[Date "2011.01.10"]
[Round "-"]
[White "nightghost"]
[Black "psychonaut"]
[Result "1-0"]
[WhiteCountry "POL"]
[BlackCountry "CZE"]
[WhiteElo "1658"]
[WhiteRD "76"]
[BlackElo "1323"]
[BlackRD "96"]
[GameID "272477"]

1. d4 d5 2. c4 Nf6 3. cxd5 Nxd5 4. e4 Nb6 5. Be3 f5 6. Nc3 fxe4 7. Nh3 Nd5 8. Qh5+ g6 9. Qxd5 Qxd5 10. Nxd5 Kd8
11. Ng5 Rg8 12. Nxh7 c6 13. Nc3 Bg7 14. Bc4 Rh8 15. Ng5 Bf5 16. Nf7+
1-0

[Event "Boris Spassky"]
[Site "SchemingMind.com"]
[Date "2011.01.10"]
[Round "-"]
[White "nightghost"]
[Black "madrugada"]
[Result "0-1"]
[WhiteCountry "POL"]
[BlackCountry "BEL"]
[WhiteElo "1639"]
[WhiteRD "72"]
[BlackElo "1866"]
[BlackRD "92"]
[GameID "272478"]

1. d4 Nf6 2. c4 g6 3. Nf3 Bg7 4. Nc3 d6 5. e4 O-O 6. Bd3 e5 7. dxe5 dxe5 8. Bg5 Nbd7 9. O-O c6 10. Qd2 Nc5
11. Rad1 Nxd3 12. Qxd3 Be6 13. Qxd8 Raxd8 14. Nxe5 Rxd1 15. Rxd1 Nxe4 16. Nxe4 Bxe5 17. b3 f6 18. Bh6 Re8 19. f4 Bb2 20. Rd2 Ba1
21. Nc5 Bc8 22. h3 b6 23. Nd7 Rd8 24. Nxf6+ Bxf6 25. Rxd8+ Bxd8 26. Kf2 Bf5 27. g4 Bb1 28. a3 Ba2
0-1

[Event "Boris Spassky"]
[Site "SchemingMind.com"]
[Date "2011.01.09"]
[Round "-"]
[White "nightghost"]
[Black "michel"]
[Result "0-1"]
[WhiteCountry "POL"]
[BlackCountry "CAN"]
[WhiteElo "1639"]
[WhiteRD "72"]
[BlackElo "1915"]
[BlackRD "93"]
[GameID "272479"]

1. d4 Nf6 2. Nf3 g6 3. c4 c5 4. e3 Bg7 5. Nc3 cxd4 6. exd4 d5 7. Nxd5 Nxd5 8. cxd5 Qxd5 9. Be3 O-O 10. Rc1 Nc6
11. Bc4 Qd6 12. O-O Bg4 13. d5 Ne5 14. Be2 Nxf3+ 15. Bxf3 Bxf3 16. Qxf3 Rfd8 17. Rfd1 Rd7 18. b3 Qa3 19. Rc2 Rad8 20. h3 h5
21. Qe4 Bf6 22. Rdc1 Rxd5 23. Rc8 Kg7 24. Rxd8 Rxd8 25. Qxb7 Qxa2 26. Bxa7 Rd3 27. b4 Qd2 28. Rb1 Qf4 29. Bc5 Be5 30. g3 Qf5
31. Qxe7 Bxg3 32. Re1 Kh7 33. Kg2 Qf3+ 34. Kg1 Bb8 35. Qf8 Qf4 36. Kf1 Rxh3 37. Be3 Rh1+ 38. Ke2 Qc4+ 39. Kd2 Qa2+ 40. Kd1 Qb1+
41. Bc1 Rxe1+ 42. Kxe1 Qxc1+ 43. Ke2 Qc4+ 44. Ke1 Be5 45. b5 Bc3+ 46. Kd1 Qd3+
0-1

[Event "Boris Spassky"]
[Site "SchemingMind.com"]
[Date "2011.01.10"]
[Round "-"]
[White "marble"]
[Black "nightghost"]
[Result "0-1"]
[WhiteCountry "ENG"]
[BlackCountry "POL"]
[WhiteElo "1528"]
[WhiteRD "61"]
[BlackElo "1639"]
[BlackRD "72"]
[GameID "272481"]

1. e4 e6 2. d4 d5 3. Nc3 Nf6 4. Bg5 Bb4 5. e5 h6 6. exf6 hxg5 7. fxg7 Rg8 8. h4 c5 9. dxc5 Nc6 10. hxg5 Qxg5
11. a3 Qe5+ 12. Be2 Bxc3+ 13. bxc3 Qxc3+ 14. Kf1 Qxg7 15. g3 Qc3 16. Rh3 e5 17. g4 Qxc5 18. Qd3 Be6 19. Qh7 O-O-O 20. Qd3 e4
21. Qb3 Bxg4 22. Bxg4+ Rxg4 23. Rc3 Qd4 24. Ne2 Qf6 25. Rd1 Rg5 26. Rb1 b6 27. Rd1 Rh8 28. Qa4 Kb7 29. Rb1 Rh1+ 30. Ng1 Qxc3
31. Qxe4 Rgxg1+ 32. Ke2 Nd4+
0-1

[Event "Boris Spassky"]
[Site "SchemingMind.com"]
[Date "2011.01.12"]
[Round "-"]
[White "CRIS PORTI"]
[Black "nightghost"]
[Result "0-1"]
[WhiteCountry "ARG"]
[BlackCountry "POL"]
[WhiteElo "1654"]
[WhiteRD "75"]
[BlackElo "1697"]
[BlackRD "78"]
[GameID "272482"]

1. e4 e5 2. Nf3 Nc6 3. Bb5 Bc5 4. c3 Bb6 5. O-O Nge7 6. Bxc6 Nxc6 7. d3 d5 8. Re1 d4 9. c4 O-O 10. Bg5 Qe8
11. a3 f6 12. Bd2 Bg4 13. h3 Bh5 14. g4 Bg6 15. b4 a6 16. b5 axb5 17. cxb5 Na7 18. Qb3+ Bf7 19. Qb2 Nxb5 20. a4 Nd6
21. a5 Bc5 22. Rc1 b6 23. axb6 Rxa1 24. Qxa1 Bxb6 25. Bb4 Qb5 26. Bxd6 cxd6
0-1

[Event "Boris Spassky"]
[Site "SchemingMind.com"]
[Date "2011.01.14"]
[Round "-"]
[White "psychonaut"]
[Black "nightghost"]
[Result "1-0"]
[WhiteCountry "CZE"]
[BlackCountry "POL"]
[WhiteElo "1523"]
[WhiteRD "98"]
[BlackElo "1599"]
[BlackRD "92"]
[GameID "272483"]

1. d4 Nf6 2. Nf3 g6 3. Nc3 Bg7 4. h4 d5 5. e3 Bg4 6. b3 Ne4 7. Qd3 Bxf3 8. gxf3 Nxc3 9. Qxc3 Nd7 10. e4 e6
11. e5 c5 12. Bf4 Rc8 13. O-O-O cxd4 14. Qxd4 Qc7 15. Bd3 Bxe5 16. Bxe5 Nxe5 17. Bb5+ Kf8 18. Rd2 Kg8 19. Rh3 a6 20. f4 Ng4
21. Rc3 Qb8 22. f3 Rxc3 23. Qxc3 Nh6 24. Bd3 Qxf4 25. h5 Qxf3 26. hxg6 hxg6 27. Qc8+ Kg7 28. Qxb7 Nf5 29. Qc7 Rh1+ 30. Kb2 Qe3
31. Qc3+ Qd4 32. Qxd4+ Nxd4 33. Bxa6 Nf3 34. Rf2 Ne5 35. Bb5 f5 36. Re2 Kf6 37. a4 Rh8 38. a5 Rb8 39. Bd3 Nxd3+ 40. cxd3 Rb5
41. Kc3 Rxa5 42. b4 Ra3+ 43. Kd4 g5 44. b5 Rb3 45. Kc5 Ke7 46. b6 Kd7 47. d4 g4 48. Ra2 Rc3+ 49. Kb4 Rc6 50. Ra7+ Kc8
51. Kb5 Rd6 52. Kc5 Rd8 53. Kc6 Kb8 54. Rg7 Rc8+ 55. Kb5 Rf8 56. Ka6 g3 57. Rxg3 f4 58. Rf3 Rf7 59. Kb5 Kb7 60. Ka5 Rf5
61. Kb5 e5 62. Rc3 e4 63. Rc7+ Kb8 64. Ka6 f3 65. Rb7+ Ka8 66. Ra7+ Kb8 67. Rb7+ Kc8 68. Rc7+ Kd8 69. Ka7 f2 70. b7
1-0

[Event "Boris Spassky"]
[Site "SchemingMind.com"]
[Date "2011.01.09"]
[Round "-"]
[White "madrugada"]
[Black "nightghost"]
[Result "1/2-1/2"]
[WhiteCountry "BEL"]
[BlackCountry "POL"]
[WhiteElo "1856"]
[WhiteRD "91"]
[BlackElo "1658"]
[BlackRD "76"]
[GameID "272484"]

1. e4 e5 2. Nf3 Nc6 3. Bc4 Bc5 4. b4 Bxb4 5. c3 Bc5 6. d4 exd4 7. O-O d6 8. cxd4 Bb6 9. Nc3 Bg4 10. Qa4 Kf8
11. Bg5 Qc8 12. d5 Bxf3 13. gxf3 Ne5 14. Be2 Qh3 15. Qd1 Nh6 16. Na4 Rg8 17. Nxb6 axb6 18. Kh1 f6 19. Bf4 Nhf7 20. Rg1 g5
21. Be3 Rg6 22. Rg3 Qh4 23. Bf1 Qh6 24. Rc1 c5 25. dxc6 bxc6 26. Bxb6 Rxa2 27. Be3 Qg7 28. Qb3 Ra8 29. Qb7 Re8 30. f4 gxf4
31. Bxf4 Rxg3 32. fxg3 Qg6 33. Bh3 Qxe4+ 34. Bg2 Qa4 35. Bxe5 Rxe5 36. Qxc6 Qa5 37. Qa8+ Qxa8 38. Bxa8 Kg7 39. Rc7 Kg6 40. Kg2 h5
41. Rc2 Re8 42. Bd5 Ne5 43. Re2 f5 44. Bb3 Rd8 45. Rd2 Kg5 46. h4+ Kg6 47. Kf2 Kf6 48. Ke3 Ke7 49. Kf4 Kf6 50. Bd1 Kg6
51. Bc2 Kh6 52. Bxf5 Ng6+ 53. Bxg6 Kxg6 54. Rd5 Rf8+ 55. Ke4 Re8+ 56. Kd4 Re6 57. Rg5+ Kh6 58. Kd5 Rf6 59. Rg8 Kh7 60. Rd8 Kg6
61. Rh8 Rf3 62. Kxd6 Rd3+ 63. Ke5 Kg7 64. Rxh5 Rxg3 65. Rg5+=
1/2-1/2

[Event "Boris Spassky"]
[Site "SchemingMind.com"]
[Date "2011.01.09"]
[Round "-"]
[White "michel"]
[Black "nightghost"]
[Result "1-0"]
[WhiteCountry "CAN"]
[BlackCountry "POL"]
[WhiteElo "1915"]
[WhiteRD "93"]
[BlackElo "1639"]
[BlackRD "72"]
[GameID "272485"]

1. Nf3 d5 2. c4 Nf6 3. cxd5 Nxd5 4. d4 Bf5 5. Qb3 e6 6. Qxb7 Nd7 7. a3 c5 8. Nc3 Nxc3 9. bxc3 cxd4 10. cxd4 Rb8
11. Qa6 Qc7 12. Bd2 Qc2 13. e4 Qxe4+ 14. Be2 Bg4 15. O-O Bxf3 16. Bxf3 Qxd4 17. Be3 Qb2 18. Bxa7 Rd8 19. Bc6 Be7 20. Bb6 Rb8
21. Bc7 O-O 22. Bxb8 Nxb8 23. Qb5 Qc3 24. Rfc1 Qd2 25. a4 Nxc6 26. Rxc6 Rd8 27. Rac1 h6 28. R6c2 Qd4 29. a5 Qg4 30. Rc8 Rxc8
31. Rxc8+ Kh7 32. Qd3+ g6 33. h3 Qb4 34. Qc3 Qb1+ 35. Kh2 Qf1 36. Rh8#
1-0